LEADER 00990nam a22002291i 4500 001 991002737129707536 005 20030802171457.0 008 030925s1847 it |||||||||||||||||ita 035 $ab12331612-39ule_inst 035 $aARCHE-037915$9ExL 040 $aBiblioteca Interfacoltà$bita$cA.t.i. Arché s.c.r.l. Pandora Sicilia s.r.l. 082 04$a858.7 100 1 $aPuoti, Basilio$0170858 245 12$aL'arte di scrivere in prosa per esempii e per teoriche, ovvero Istituzioni di eloquenza /$cdi Basilio Puoti 260 $aNapoli :$ball'insegna di Aldo Manuzio,$c1847 300 $av. ;$c19 cm 907 $a.b12331612$b02-04-14$c08-10-03 912 $a991002737129707536 945 $aLE002 It. III A 3 (Fondo Guerrieri)$g1$i2002000154972$lle002$o-$pE0.00$q-$rn$so $t0$u0$v0$w0$x0$y.i12732291$z08-10-03 996 $aArte di scrivere in prosa per esempii e per teoriche, ovvero Istituzioni di eloquenza$9160744 997 $aUNISALENTO 998 $ale002$b08-10-03$cm$da $e-$fita$git $h2$i1 LEADER 04237oas 2201297 a 450 001 9910133993903321 005 20260202213012.0 011 $a1934-9009 035 $a(DE-599)ZDB2134482-6 035 $a(DE-599)2134482-6 035 $a(OCoLC)76810189 035 $a(CONSER) 2006216217 035 $a(CKB)110985822459810 035 $a(EXLCZ)99110985822459810 100 $a20061128a19979999 uy a 101 0 $aeng 135 $aurcnu|||||||| 181 $ctxt$2rdacontent 182 $cc$2rdamedia 183 $acr$2rdacarrier 200 10$aArizona journal of hispanic cultural studies 210 $aTucson, AZ $cUniversity of Arizona$d1997- 311 08$a1096-2492 517 3 $aHCS 606 $aCivilization, Hispanic$vPeriodicals 606 $aSpanish American literature$xHistory and criticism$vPeriodicals 606 $aSpanish literature$xHistory and criticism$vPeriodicals 606 $aArts$vPeriodicals 606 $aHispanic Americans$vPeriodicals 606 $aLiteratura hiszpan?ska$2dbn 606 $aArts$2fast$3(OCoLC)fst00817721 606 $aCivilization$2fast$3(OCoLC)fst00862898 606 $aCivilization, Hispanic$2fast$3(OCoLC)fst00863026 606 $aHispanic Americans$2fast$3(OCoLC)fst00957523 606 $aSpanish American literature$2fast$3(OCoLC)fst01128195 606 $aSpanish literature$2fast$3(OCoLC)fst01128568 606 $aCivilisation hispanique$3(CaQQLa)201-0036887$vPe?riodiques$3(CaQQLa)201-0378307 606 $aLitte?rature hispano-ame?ricaine$3(CaQQLa)201-0026514$xHistoire et critique$3(CaQQLa)201-0377571$vPe?riodiques$3(CaQQLa)201-0378307 606 $aLitte?rature espagnole$3(CaQQLa)201-0026682$xHistoire et critique$3(CaQQLa)201-0026682$vPe?riodiques$3(CaQQLa)201-0378307 606 $aArts$vPe?riodiques$3(CaQQLa)201-0422245 606 $aAme?ricains d'origine latino-ame?ricaine$3(CaQQLa)201-0071116$vPe?riodiques$3(CaQQLa)201-0378307 607 $aLatin America$xCivilization$vPeriodicals 607 $aSpain$xCivilization$vPeriodicals 607 $aLatin America$2fast 607 $aSpain$2fast$1https://id.oclc.org/worldcat/entity/E39PBJqFTrvj6Mhw6JfTGmqJDq 607 $aAme?rique latine$xCivilisation$vPe?riodiques 607 $aEspagne$xCivilisation$vPe?riodiques 608 $aCzasopismo literaturoznawcze.$2dbn 608 $aCriticism, interpretation, etc.$2fast 608 $aPeriodicals.$2fast 608 $aperiodicals.$2aat 608 $aPeriodicals.$2lcgft 608 $aPe?riodiques.$2rvmgf 615 0$aCivilization, Hispanic 615 0$aSpanish American literature$xHistory and criticism 615 0$aSpanish literature$xHistory and criticism 615 0$aArts 615 0$aHispanic Americans 615 7$aLiteratura hiszpan?ska. 615 7$aArts. 615 7$aCivilization. 615 7$aCivilization, Hispanic. 615 7$aHispanic Americans. 615 7$aSpanish American literature. 615 7$aSpanish literature. 615 6$aCivilisation hispanique 615 6$aLitte?rature hispano-ame?ricaine$xHistoire et critique 615 6$aLitte?rature espagnole$xHistoire et critique 615 6$aArts 615 6$aAme?ricains d'origine latino-ame?ricaine 712 02$aUniversity of Arizona.$bDepartment of Spanish and Portuguese. 801 0$bNSD 801 1$bNSD 801 2$bNSD 801 2$bWAU 801 2$bCKM 801 2$bDOS 801 2$bOCLCQ 801 2$bEYM 801 2$bMYG 801 2$bUKMGB 801 2$bDLC 801 2$bOCLCQ 801 2$bOCLCA 801 2$bOCLCQ 801 2$bOCLCO 801 2$bOCLCA 801 2$bOCLCF 801 2$bOCLCO 801 2$bOCLCQ 801 2$bOCLCO 801 2$bOCLCQ 801 2$bEZC 801 2$bOCLCQ 801 2$bVT2 801 2$bSFB 801 2$bBWN 801 2$bOCLCQ 801 2$bUAB 801 2$bOCLCL 801 2$bCSU 801 2$bBUF 801 2$bOCLCE 801 2$bW2U 801 2$bHEBIS 801 2$bCEF 801 2$bAUD 906 $aJOURNAL 912 $a9910133993903321 996 $aArizona journal of hispanic cultural studies$92053185 997 $aUNINA